000 00715nam a2200241Ia 4500
003 OSt
005 20221007064448.0
006 a|||||r|||| 00| 0
007 ta
008 221006b |||||||| |||| 00| 0 eng d
024 _a46,058
037 _cReference Collections
040 _aFLL
_cFLL
_beng
041 _2eng
_aeng
082 _aG:55(Z), R0.2
100 _aSRINIWAS S. K. P. Ed.
_9685822
245 0 _aLal's Encyclopaedia on environment protection and pollution laws
260 _aDelhi
_bDelhi Law House India
_c2020
300 _alix,1197-2322p.
_ccm.
490 _vVolume 2
942 _hG:55(Z), R0.2
_cREF
_2CC
999 _c1134156
_d1134156